chansons du film Wicked - 2024 - Statistiques

Statistiques générales
  • Ce quiz a été pris 220 fois
  • Le résultat moyen est 8 sur 11
Statistiques - réponses
Hint Réponse % Correct
11 defying gravity
95%
7 popular
95%
3 the wizard and i
85%
1 no one mourns the wicked
81%
4 what is this feeling
80%
6 dancing through life
78%
9 one short day
68%
8 i'm not that girl
65%
2 dear old shiz
61%
5 something bad
57%
10 a sentimental man
55%
Aucun quiz correspondant
Distribution des résultats
% des personnes avec chaque résultat
Percentile par nombre de réponses
Votre historique - résultats
Vous n’avez pas pris ce quiz